000 00597nam a2200241Ia 4500
003 IT-RoPAU
008 120407s9999 xx 000 0 und d
040 _aIT-RoPAU
040 _cIT-RoPAU
041 _adeu
100 _aKlaus Hufner
245 _aZwanzig Jahre Vereinte Nationen. Internationale Bibliographie, 1945 - 1965...
250 _aBerlin
260 _aWalter de Gruyter & Co.
260 _c1968
300 _a520 p.
300 _c24 cm
490 _v1
600 _a 1. Politica - Bibliografia Internazionale.
700 _aJens Naumann
942 _cBK
999 _c35442
_d35442